[Event "GRE-ch U12"]
[Site "Greece"]
[Date "2014.07.08"]
[Round "7"]
[White "Sotiropoulos, Anastasios Theohar"]
[Black "Thomadakis, Nestoras"]
[Result "1/2-1/2"]
[WhiteElo "1417"]
[BlackElo "1333"]
[PlyCount "68"]
[EventDate "2014.07.04"]
[EventType "swiss"]
[EventRounds "9"]
[EventCountry "GRE"]
[SourceTitle "EXT 2017"]
[Source "ChessBase"]
[SourceDate "2016.10.25"]
[SourceVersion "1"]
[SourceVersionDate "2016.10.25"]
[SourceQuality "1"]

1. d4 d5 2. Nf3 Nf6 3. Bf4 e6 4. e3 Be7 5. Bd3 0-0 6. Nbd2 Nbd7 7. 0-0 b6 8. c3 Bb7 9. h3 c5 10. Ne5 Nxe5 11. dxe5 Ne4 12. Nf3 Ng5 13. Nxg5 Bxg5 14. Qh5 h6 15. Bxg5 Qxg5 16. Qxg5 hxg5 17. Rad1 a5 18. Rd2 Bc6 19. Re1 Rfd8 20. Red1 Kf8 21. Kf1 Ke7 22. f3 Rd7 23. Bc2 Rad8 24. Ke2 b5 25. a3 Rb8 26. e4 Rbd8 27. Ke3 Bb7 28. Bb3 dxe4 29. Rxd7+ Rxd7 30. Rxd7+ Kxd7 31. fxe4 Bc6 32. Bc2 Ke7 33. b4 axb4 34. axb4 c4 1/2-1/2

[Event "GRE-ch U12"]
[Site "Greece"]
[Date "2014.07.07"]
[Round "6"]
[White "Thomadakis, Nestoras"]
[Black "Vardakas, Grigorios"]
[Result "0-1"]
[WhiteElo "1333"]
[BlackElo "1592"]
[PlyCount "118"]
[EventDate "2014.07.04"]
[EventType "swiss"]
[EventRounds "9"]
[EventCountry "GRE"]
[SourceTitle "EXT 2017"]
[Source "ChessBase"]
[SourceDate "2016.10.25"]
[SourceVersion "1"]
[SourceVersionDate "2016.10.25"]
[SourceQuality "1"]

1. d4 d5 2. c4 e6 3. Nf3 Nf6 4. e3 c6 5. Nbd2 Be7 6. Bd3 0-0 7. 0-0 Nbd7 8. e4 dxe4 9. Nxe4 c5 10. Be3 Nxe4 11. Bxe4 Nf6 12. Bc2 cxd4 13. Bxd4 b6 14. Qd3 Bb7 15. Qe3 Bxf3 16. gxf3 Qc7 17. b3 Rac8 18. Kh1 Bc5 19. Rg1 Bxd4 20. Qxd4 Ne8 21. Qh4 g6 22. Rg3 Qd8 23. Qh6 Qf6 24. Rag1 Qg7 25. Qxg7+ Nxg7 26. Rd1 Rfd8 27. Rgg1 Kf8 28. Kg2 Ke7 29. Kg3 Rxd1 30. Rxd1 Rd8 31. Rxd8 Kxd8 32. a3 Kc7 33. Kf4 f6 34. Ke3 Kd6 35. Bb1 Kc5 36. Bd3 a5 37. Ke4 Ne8 38. Ke3 Nd6 39. h3 Nf5+ 40. Bxf5 exf5 41. f4 a4 42. Kd3 axb3 43. Kc3 b2 44. Kxb2 Kxc4 45. Kc2 b5 46. f3 b4 47. a4 b3+ 48. Kb2 Kb4 49. a5 Kxa5 50. Kxb3 Kb5 51. Kc3 Kc5 52. Kd3 Kd5 53. Ke3 Kc4 54. Ke2 Kd4 55. Kd2 g5 56. fxg5 fxg5 57. Ke2 h5 58. Kd2 f4 59. Ke2 Kc3 0-1

[Event "GRE-ch U18"]
[Site "Chania"]
[Date "2013.01.02"]
[Round "1.7"]
[White "Thomadakis, Nestoras"]
[Black "Theodorou, Nikolas"]
[Result "0-1"]
[WhiteElo "1235"]
[BlackElo "2089"]
[PlyCount "104"]
[EventDate "2013.01.02"]
[EventType "swiss"]
[EventRounds "9"]
[EventCountry "GRE"]
[SourceTitle "EXT 2024"]
[Source "ChessBase"]
[SourceDate "2023.10.10"]
[SourceVersion "1"]
[SourceVersionDate "2023.10.10"]
[SourceQuality "1"]

1. d4 e6 2. e4 d5 3. exd5 exd5 4. Be3 Bd6 5. Nf3 Bf5 6. Bd3 Bxd3 7. Qxd3 Ne7 8. 0-0 Nbc6 9. c3 Qd7 10. Re1 0-0-0 11. Nbd2 Qf5 12. Qxf5+ Nxf5 13. Nf1 f6 14. Ng3 Nxg3 15. fxg3 g5 16. g4 h5 17. h3 hxg4 18. hxg4 Ne7 19. Bf2 Ng8 20. Re6 Rf8 21. c4 dxc4 22. Rc1 Kd7 23. d5 Ne7 24. Re4 Nxd5 25. Rexc4 Re8 26. R4c2 a6 27. Rd1 c6 28. Re1 Rxe1+ 29. Bxe1 Re8 30. Kf2 Ne3 31. Re2 Nxg4+ 32. Kf1 Nh2+ 33. Nxh2 Rxe2 34. Kxe2 Bxh2 35. Kd3 Be5 36. Bc3 Bxc3 37. bxc3 f5 38. a3 Kd6 39. a4 b6 40. c4 Kc5 41. Kc3 f4 42. Kb3 g4 43. Kc3 f3 44. gxf3 g3 45. f4 g2 46. Kd3 g1Q 47. f5 Qd4+ 48. Ke2 Qc3 49. f6 Kd4 50. f7 Qe3+ 51. Kd1 Kd3 52. f8N Qg1# 0-1

[Event "Mediterranean-ch U20 4th"]
[Site "Chania"]
[Date "2012.08.28"]
[Round "1"]
[White "Kafetzis, Georgios"]
[Black "Thomadakis, Nestoras"]
[Result "1-0"]
[WhiteElo "1993"]
[BlackElo "1010"]
[PlyCount "49"]
[EventDate "2012.08.28"]
[EventType "swiss"]
[EventRounds "9"]
[EventCountry "GRE"]
[SourceTitle "CBM 150 Extra"]
[Source "ChessBase"]
[SourceDate "2012.10.19"]
[SourceVersion "1"]
[SourceVersionDate "2012.10.19"]
[SourceQuality "1"]

1. e4 e5 2. Nf3 Nc6 3. d4 exd4 4. Nxd4 Bc5 5. Nxc6 bxc6 6. Bc4 Ne7 7. Bxf7+ Kxf7 8. Qh5+ Ng6 9. Qxc5 Qf6 10. 0-0 Ba6 11. Rd1 Bc8 12. f4 Re8 13. Qc4+ Kf8 14. Nc3 Bb7 15. Rxd7 Rac8 16. Be3 a6 17. Bc5+ Ne7 18. Rad1 Qxf4 19. Rf1 Qxf1+ 20. Kxf1 a5 21. Qe6 Ba6+ 22. Ke1 Bc4 23. Bxe7+ Rxe7 24. Qxe7+ Kg8 25. Qxg7# 1-0